000 00537nam a22001817b 4500
003 3228
005 20251204130633.0
008 251204b sa ||||e |||| 00| 1 AFR d
020 _a0628002017 (hardback)
040 _aMPL
_beng
_c3228
_erda
041 _aAfrikaans
082 0 _aAF PRET
100 _9196089
_aPretorius, Rein
_eauthor
245 _aTydelik is vir ewig /
_cRein Pretorius + Cover jacket: D Havinga
260 _aJohannesburg
_bVoortrekker-boekklub
_c© 1972
300 _a202 Pages :
_bjacket ;
_c18 cm
942 _2ddc
_cBK
_w245
_xIzakina Blanche
_y245
_zIzakina Blanche
999 _c790255
_d790254